000 00359 a2200157 4500
001 50251
020 _a9789604430750
040 _cAnchieta - Bela Vista
100 _aPerrault, Charles
240 1 0 _aBeauty and the beast
_leng
245 1 0 _aBeauty and the beast
300 _a56
362 0 _a2006
650 4 _aLiteratura juvenil em inglês
942 _cBK
999 _c50251
_d50251